000 00863nas a2200277 4500
001 BR2010001133
003 BR-BrBNA
005 20231205113946.0
007 ta
008 230509b bl.|||p| |||| 00| 00por d
040 _aBR-BrBNA
_bpor
_cBiblioteca Nacional de Agricultura
041 _a(Pt)
072 _aF03
100 1 _aTakahashi, L.S.A.T.
100 1 _aSouza, J.R.P.
100 1 _aYoshida, A.E.
100 1 _aRocha, J.N.
245 1 _aCondições de armazenamento e tempo de embebição na germinação de sementes de erva-doce (Pimpinella anisum L.)
650 _aANIS
650 _aSEMENTE
650 _aDETERIORAÇÃO
650 _aQUALIDADE
773 0 _tRevista Brasileira de Plantas Medicinais (Brazil)
_xISSN 1516-0572
_g(Feb 2009), v. 11(1) p. 1-6
_wBR2010001133
909 _a202311
_bLúcia
_c55
_dLúcia Elande
942 _2AGRIS
_n0
_cANA
999 _c206452
_d206452